An introduction to quantum optics : photon and biphoton physics (Record no. 12403)

000 -LEADER
fixed length control field 00467nam a22001577a 4500
020 ## - INTERNATIONAL STANDARD BOOK NUMBER
International Standard Book Number 9780750308878
082 ## - DEWEY DECIMAL CLASSIFICATION NUMBER
Classification number 535.15 SHI
100 ## - MAIN ENTRY--PERSONAL NAME
Personal name Shih, Yanhua.
245 ## - TITLE STATEMENT
Title An introduction to quantum optics : photon and biphoton physics
260 ## - PUBLICATION, DISTRIBUTION, ETC.
Place of publication, distribution, etc. Boca Raton
Name of publisher, distributor, etc. CRC Press
Date of publication, distribution, etc. 2011
300 ## - PHYSICAL DESCRIPTION
Extent xix, 464 p.
Other physical details ill. ;
490 ## - SERIES STATEMENT
Series statement Series in optics and optoelectronics
500 ## - GENERAL NOTE
General note Includes bibliographical references and index.
650 ## - SUBJECT ADDED ENTRY--TOPICAL TERM
Topical term or geographic name entry element Quantum optics.
942 ## - ADDED ENTRY ELEMENTS (KOHA)
Koha item type Book
Holdings
Withdrawn status Lost status Damaged status Not for loan Collection code Permanent Location Current Location Shelving location Date acquired Source of acquisition Cost, normal purchase price Total Checkouts Full call number Barcode Date last seen Price effective from Koha item type
          Central Library (CL) Central Library (CL) General Stacks 12/27/2013 Saeed Book Bank 5607.70   535.15 SHI SEECS012799 12/30/2013 12/30/2013 Book
© 2023 Central Library, National University of Sciences and Technology. All Rights Reserved.